header

The Protestant international and the Huguenot migration to Virginia (Record no. 121414)

MARC details
000 -LEADER
fixed length control field 02607nam a2200457 a 4500
082 04 - DEWEY DECIMAL CLASSIFICATION NUMBER
Classification number 975.5/02
100 1# - MAIN ENTRY--AUTHOR NAME
Personal name Lambert, David E.,
245 14 - TITLE STATEMENT
Title The Protestant international and the Huguenot migration to Virginia
260 ## - PUBLICATION, DISTRIBUTION, ETC. (IMPRINT)
Place of publication New York :
Name of publisher Peter Lang,
Year of publication c2010.
300 ## - PHYSICAL DESCRIPTION
Number of Pages ix, 222 p.
490 1# - SERIES STATEMENT
Series statement Studies in church history,
505 0# - FORMATTED CONTENTS NOTE
Formatted contents note Introduction -- Persecution, refugees, and the Protestant international response (1688-1690) -- From Ireland to Piedmont : Lord Galway and refugee resettlement in the Protestant international (1689-1697) -- Always in a storm : post-war pressures for a "refugee retreat elsewhere" (1697-1700) -- Dr. Daniel Coxe : Carolana resettlement project and the Protestant international (1698-1700) -- Destination Virginia : King William's patronage of Huguenot refugee resettlement (1699-1700) -- "Above the falls of the James" : Huguenot beginnings at Manakin Town (1700-1701) -- Benjamin de Joux : Vaudois influence at Manakin Town -- Huguenots in the storm at Manakin Town -- Conclusion.
650 #0 - SUBJECT ADDED ENTRY--TOPICAL TERM
Topical Term Huguenots
Topical Term Land settlement
Topical Term Religious refugees
Topical Term Protestants
Topical Term Huguenots
Topical Term Huguenots
856 40 - ELECTRONIC LOCATION AND ACCESS
Uniform Resource Identifier http://site.ebrary.com/lib/rucke/Doc?id=10516914

No items available.

© 2026 Rongo University
Contact us: librarian | system librarian | Rongo university